000 00684nam a22002177a 4500
999 _c3462
_d3462
003 AR-CdUCM
008 190306b ||||| |||| 00| 0 spa d
040 _aMUNICIPALIDAD PROVINCIAL DEL CUSCO
_cBIBLIOTECA MUNICIPAL DEL CUSCO
082 _a331.87 /
_bM19
100 _aMallart, José
_99990
245 _aOrganización Cientifica del Trabajo /
260 _aMexico :
_bEdinal,
_c1963.
300 _a232 paginas ;
_bilustraciones,
_c17cm.
505 _aContenido- Actividades humanas -- colectividad mundial -- Psicologia
650 _aCientifico
_93576
650 _aLiteratura
_983
650 _aMundial
_911401
700 _aCuto
_911402
942 _2ddc
_cLIBROS
945 _apjha